[Event "San Bernardino op"]
[Site "San Bernardino"]
[Date "2013.09.13"]
[Round "1"]
[White "Djuric, Stefan"]
[Black "Tortorella, Giancarlo"]
[Result "1-0"]
[WhiteElo "2440"]
[BlackElo "1853"]
[PlyCount "71"]
[EventDate "2013.09.13"]
[EventType "swiss"]
[EventRounds "9"]
[EventCountry "SUI"]
[SourceTitle "EXT 2014"]
[Source "ChessBase"]
[SourceDate "2013.11.20"]
[SourceVersion "1"]
[SourceVersionDate "2013.11.20"]
[SourceQuality "1"]

1. e4 e5 2. Nf3 Nc6 3. Bb5 a6 4. Ba4 Nge7 5. Bb3 h6 6. d4 exd4 7. Nxd4 g6 8. Qf3 Rh7 9. Nxc6 Nxc6 10. c3 Bc5 11. Be3 Qe7 12. 0-0 Bxe3 13. Qxe3 d6 14. Nd2 Be6 15. Rae1 0-0-0 16. Ba4 Nb8 17. c4 Bd7 18. Bxd7+ Qxd7 19. b4 Re8 20. Qc3 Qc6 21. a4 Qxa4 22. b5 axb5 23. Qh3+ Kd8 24. e5 Rxe5 25. Rxe5 dxe5 26. Ne4 f5 27. Ng5 Re7 28. Qxh6 bxc4 29. Qxg6 Qc2 30. Ne6+ Kd7 31. Nc5+ Kd8 32. Nxb7+ Kd7 33. Nc5+ Kd8 34. Qg8+ Re8 35. Qd5+ Kc8 36. Qb7+ 1-0

[Event "London Classic op"]
[Site "London"]
[Date "2011.12.11"]
[Round "9"]
[White "Wright, Jonathan1"]
[Black "Tortorella, Giancarlo"]
[Result "1-0"]
[WhiteElo "1846"]
[BlackElo "1766"]
[PlyCount "121"]
[EventDate "2011.12.03"]
[EventType "swiss"]
[EventRounds "9"]
[EventCountry "ENG"]
[SourceTitle "CBM 145 Extra"]
[Source "ChessBase"]
[SourceDate "2012.01.03"]
[SourceVersion "1"]
[SourceVersionDate "2012.01.03"]
[SourceQuality "1"]

1. e4 e5 2. Nf3 Nc6 3. Bb5 a6 4. Ba4 Nf6 5. 0-0 b5 6. Bb3 Be7 7. d4 0-0 8. dxe5 Nxe4 9. Bd5 Nc5 10. b3 Bb7 11. Nc3 Rb8 12. Bf4 b4 13. Ne4 Nxe4 14. Bxe4 Re8 15. Qd3 g6 16. Rad1 d6 17. e6 f5 18. Bd5 Kg7 19. c4 Bf6 20. Rfe1 Qe7 21. Re3 Nd8 22. Nd4 Bxd5 23. cxd5 Nb7 24. Nc6 Qf8 25. Nxb8 Rxb8 26. Qxa6 g5 27. Rg3 Nc5 28. Qc6 Ne4 29. Qxc7+ Kh8 30. Rh3 h6 31. Bc1 Rc8 32. e7 Bxe7 33. Bb2+ Kh7 34. Qd7 Nxf2 35. Re3 Ne4 36. g4 Rd8 37. Qxf5+ Qxf5 38. gxf5 Bf6 39. Bxf6 Nxf6 40. Re7+ Kg8 41. Rd4 Ra8 42. Re6 Kf7 43. Rxb4 Nxd5 44. Rb7+ Kf8 45. Rxh6 Ne7 46. Rf6+ Kg7 47. Re6 Rxa2 48. f6+ Kf7 49. Rbxe7+ Kf8 50. Rxd6 Ra8 51. Kf2 g4 52. Kg3 Rb8 53. Kxg4 Rb4+ 54. Kg5 Rb5+ 55. Kg6 Rb8 56. h4 Kg8 57. b4 Kh8 58. b5 Rg8+ 59. Kh6 Rb8 60. Rh7+ Kg8 61. f7+ 1-0

[Event "London Classic op"]
[Site "London"]
[Date "2011.12.07"]
[Round "5"]
[White "Tortorella, Giancarlo"]
[Black "Lenier, Jude"]
[Result "0-1"]
[WhiteElo "1766"]
[BlackElo "2030"]
[PlyCount "48"]
[EventDate "2011.12.03"]
[EventType "swiss"]
[EventRounds "9"]
[EventCountry "ENG"]
[SourceTitle "CBM 145 Extra"]
[Source "ChessBase"]
[SourceDate "2012.01.03"]
[SourceVersion "1"]
[SourceVersionDate "2012.01.03"]
[SourceQuality "1"]

1. e4 e5 2. Bc4 Nf6 3. d3 Nc6 4. Nf3 Bc5 5. c3 a6 6. Bb3 d6 7. h3 Ba7 8. Nbd2 Be6 9. Nf1 d5 10. Qe2 dxe4 11. dxe4 Bxb3 12. axb3 Qd7 13. Ng3 0-0-0 14. Bg5 h6 15. Bxf6 gxf6 16. Nf5 Ne7 17. N3h4 Ng6 18. g3 Kb8 19. Nf3 h5 20. b4 Rhg8 21. Ra5 Qc6 22. 0-0 Nf4 23. Qc2 Rd3 24. Ne1 Qxe4 0-1

[Event "London Classic op"]
[Site "London"]
[Date "2011.12.06"]
[Round "4"]
[White "Nandhidhaa, PV."]
[Black "Tortorella, Giancarlo"]
[Result "1-0"]
[WhiteElo "2139"]
[BlackElo "1766"]
[PlyCount "71"]
[EventDate "2011.12.03"]
[EventType "swiss"]
[EventRounds "9"]
[EventCountry "ENG"]
[SourceTitle "CBM 145 Extra"]
[Source "ChessBase"]
[SourceDate "2012.01.03"]
[SourceVersion "1"]
[SourceVersionDate "2012.01.03"]
[SourceQuality "1"]

1. e4 e5 2. Nf3 Nc6 3. Nc3 Nf6 4. Bb5 Bb4 5. 0-0 d6 6. d3 h6 7. Nd5 Bc5 8. b4 Bb6 9. c3 0-0 10. a4 Nxd5 11. exd5 Ne7 12. a5 c6 13. dxc6 Bc7 14. cxb7 Bxb7 15. d4 e4 16. Nd2 a6 17. Bc4 d5 18. Bb3 Qd6 19. g3 Nf5 20. Re1 Rae8 21. Nf1 Qg6 22. Kh1 Qd6 23. b5 axb5 24. Ba3 Qe6 25. Bxf8 Kxf8 26. Ne3 Ne7 27. a6 Bxa6 28. Nxd5 Nxd5 29. Bxd5 Qxd5 30. Rxa6 e3+ 31. Kg1 exf2+ 32. Kxf2 Qf5+ 33. Kg1 Rc8 34. Qe2 Qg5 35. Rc6 Qd5 36. Rxc7 1-0

[Event "London Classic op"]
[Site "London"]
[Date "2011.12.04"]
[Round "2"]
[White "Tortorella, Giancarlo"]
[Black "Osborne, Marcus E"]
[Result "1/2-1/2"]
[WhiteElo "1766"]
[BlackElo "2246"]
[PlyCount "83"]
[EventDate "2011.12.03"]
[EventType "swiss"]
[EventRounds "9"]
[EventCountry "ENG"]
[SourceTitle "CBM 145 Extra"]
[Source "ChessBase"]
[SourceDate "2012.01.03"]
[SourceVersion "1"]
[SourceVersionDate "2012.01.03"]
[SourceQuality "1"]

1. e4 e6 2. d3 d5 3. Nd2 c5 4. g3 Nc6 5. Bg2 g6 6. Ngf3 Bg7 7. 0-0 Nge7 8. Re1 0-0 9. h4 h6 10. Nf1 dxe4 11. dxe4 Qxd1 12. Rxd1 Nd4 13. c3 Ne2+ 14. Kh2 Nxc1 15. Raxc1 b6 16. Ne3 h5 17. Rd6 Bh6 18. Rcd1 Bxe3 19. fxe3 Ba6 20. Ng5 Bb5 21. b3 Rac8 22. c4 Bc6 23. Bh3 Rc7 24. Bxe6 fxe6 25. Nxe6 Rb7 26. Nxf8 Kxf8 27. Rf1+ Kg7 28. Rf4 b5 29. cxb5 Bxb5 30. Rff6 Bd7 31. Kg1 a5 32. Rf2 Bc6 33. Rc2 Bxe4 34. Rxc5 a4 35. Rd4 axb3 36. axb3 Bf5 37. b4 Ra7 38. Ra5 Rc7 39. Rc5 Ra7 40. Ra5 Rb7 41. Rc5 Ra7 42. Ra5 1/2-1/2

[Event "Nago Torbole op-A"]
[Site "Nago Torbole"]
[Date "2010.12.26"]
[Round "2"]
[White "Giancotti, Eraldo"]
[Black "Tortorella, Giancarlo"]
[Result "1/2-1/2"]
[WhiteElo "2065"]
[BlackElo "1796"]
[PlyCount "165"]
[EventDate "2010.12.26"]
[EventType "swiss"]
[EventRounds "7"]
[EventCountry "ITA"]
[SourceTitle "EXT 2024"]
[Source "ChessBase"]
[SourceDate "2023.10.10"]
[SourceVersion "1"]
[SourceVersionDate "2023.10.10"]
[SourceQuality "1"]

1. Nf3 Nf6 2. d4 g6 3. Bg5 Bg7 4. e3 0-0 5. Be2 c5 6. c3 cxd4 7. exd4 d6 8. 0-0 Be6 9. Re1 Qb6 10. Bf1 Re8 11. Nbd2 a5 12. Nc4 Qc7 13. Na3 Na6 14. Bf4 Qc8 15. Bb5 Bd7 16. Qb3 Bxb5 17. Qxb5 Nc7 18. Qd3 Qg4 19. Bg3 Ncd5 20. h3 Qd7 21. c4 Nb4 22. Qd2 Rac8 23. b3 Nh5 24. Bh2 Qf5 25. Rad1 Nc6 26. Nb5 Qd7 27. d5 Nb4 28. a3 Na6 29. Qxa5 Nc5 30. Re3 Bh6 31. Rc3 Bg7 32. Nfd4 e5 33. dxe6 Nxe6 34. Rf3 Nxd4 35. Nxd4 Bxd4 36. Rxd4 Rc5 37. Qd2 Rc6 38. Bxd6 Ng7 39. Bf4 Qf5 40. Rd8 Rce6 41. Rxe8+ Rxe8 42. Qd3 Qf6 43. Qd7 Qa1+ 44. Kh2 Re1 45. Be3 Rh1+ 46. Kg3 Qe5+ 47. Bf4 Nh5+ 48. Kg4 Nf6+ 49. Kg3 Nxd7 50. Bxe5 Nxe5 51. Re3 Nc6 52. b4 Rd1 53. Kf3 Kf8 54. Ke2 Rd4 55. Rc3 Ke7 56. Ke3 Rd7 57. c5 f5 58. b5 Ne5 59. f4 Nf7 60. a4 Nd8 61. g3 Ne6 62. a5 Rd5 63. a6 bxa6 64. bxa6 Nc7 65. a7 Kd7 66. Ra3 Na8 67. Rb3 Rxc5 68. Rb7+ Rc7 69. Rxc7+ Kxc7 70. Kd4 Kd6 71. Kc4 h6 72. Kb5 g5 73. Ka6 gxf4 74. gxf4 h5 75. h4 Kc6 76. Ka5 Nc7 77. Kb4 Kd5 78. Ka5 Kc5 79. Ka4 Kb6 80. Kb4 Kxa7 81. Kc5 Ne6+ 82. Kd5 Nxf4+ 83. Ke5 1/2-1/2

[Event "Bol op"]
[Site "Bol"]
[Date "2010.09.16"]
[Round "4"]
[White "Tortorella, Giancarlo"]
[Black "Lacmanovic, Stipe"]
[Result "1/2-1/2"]
[WhiteElo "1793"]
[BlackElo "2145"]
[PlyCount "91"]
[EventDate "2010.09.14"]
[EventType "swiss"]
[EventRounds "9"]
[EventCountry "CRO"]
[SourceTitle "CBM 138 Extra"]
[Source "ChessBase"]
[SourceDate "2010.10.29"]
[SourceVersion "1"]
[SourceVersionDate "2010.10.29"]
[SourceQuality "1"]

1. e4 c5 2. d4 cxd4 3. c3 d6 4. cxd4 g6 5. Nc3 Bg7 6. Bc4 Nc6 7. Nf3 Nf6 8. h3 0-0 9. 0-0 Nxe4 10. Bxf7+ Rxf7 11. Nxe4 Qb6 12. d5 Ne5 13. Nfg5 Rf5 14. Rb1 Bd7 15. Ne6 Bxe6 16. dxe6 Rc8 17. Be3 Qa6 18. Nc3 Nc4 19. Bd4 Ne5 20. f4 Nc6 21. Bxg7 Kxg7 22. a3 Qc4 23. Qf3 Rcf8 24. g3 Qxe6 25. Rbe1 Qf6 26. Qd3 Rf7 27. Nd5 Qd4+ 28. Qxd4+ Nxd4 29. Nxe7 Rb5 30. b4 Nc2 31. Re4 Nxa3 32. Nc8 d5 33. Re5 d4 34. Nxa7 Rxe5 35. fxe5 Rxf1+ 36. Kxf1 Kf7 37. Ke2 Ke6 38. Kd3 Kxe5 39. Nc8 Nb5 40. Nb6 h5 41. Nc4+ Kf5 42. Nd2 Nc3 43. Nf3 Nb5 44. Nxd4+ Nxd4 45. Kxd4 g5 46. b5 1/2-1/2

[Event "Bol op"]
[Site "Bol"]
[Date "2010.09.14"]
[Round "1"]
[White "Tortorella, Giancarlo"]
[Black "Rubil, Marko"]
[Result "0-1"]
[WhiteElo "1793"]
[BlackElo "2195"]
[PlyCount "28"]
[EventDate "2010.09.14"]
[EventType "swiss"]
[EventRounds "9"]
[EventCountry "CRO"]
[SourceTitle "CBM 138 Extra"]
[Source "ChessBase"]
[SourceDate "2010.10.29"]
[SourceVersion "1"]
[SourceVersionDate "2010.10.29"]
[SourceQuality "1"]

1. e4 e5 2. Bc4 Nf6 3. Nf3 Nc6 4. d3 Bc5 5. c3 a6 6. Bb3 Ba7 7. Nbd2 0-0 8. Qe2 d6 9. Nc4 Qe7 10. Bg5 Nd8 11. Ne3 c6 12. 0-0-0 a5 13. Nh4 a4 14. Nhf5 Bxe3+ 0-1

[Event "Imperia Corallo op 4th"]
[Site "Imperia"]
[Date "2009.11.22"]
[Round "5"]
[White "Tortorella, Giancarlo"]
[Black "Formento, Paolo"]
[Result "0-1"]
[WhiteElo "1858"]
[BlackElo "1779"]
[PlyCount "75"]
[EventDate "2009.11.20"]
[EventType "swiss"]
[EventRounds "5"]
[EventCountry "ITA"]
[SourceTitle "EXT 2024"]
[Source "ChessBase"]
[SourceDate "2023.10.10"]
[SourceVersion "1"]
[SourceVersionDate "2023.10.10"]
[SourceQuality "1"]

1. e4 e6 2. Nf3 d5 3. e5 c5 4. b4 cxb4 5. d4 Nc6 6. a3 bxa3 7. c3 Nge7 8. Bxa3 Ng6 9. Bxf8 Nxf8 10. Bd3 h6 11. Na3 Qe7 12. Nb5 f5 13. Nd6+ Kd8 14. 0-0 g6 15. Nd2 Nh7 16. Nb3 Ng5 17. Nc5 Nf7 18. Nxf7+ Qxf7 19. Bb5 Kc7 20. Qa4 Bd7 21. Nxb7 Kxb7 22. Bxc6+ Bxc6 23. Qb4+ Kc8 24. Qd6 Qd7 25. Qc5 Qc7 26. Ra6 Bb7 27. Qxc7+ Kxc7 28. Rxe6 g5 29. Rb1 Rae8 30. Rf6 Ref8 31. Rg6 Rh7 32. f3 Bc6 33. Kf2 a5 34. Ke2 a4 35. Kd3 f4 36. c4 Bd7 37. Ra6 Bf5+ 38. Kc3 0-1

[Event "Imperia Corallo op-A 1st"]
[Site "Imperia"]
[Date "2006.11.24"]
[Round "1"]
[White "Fassi, Filippo"]
[Black "Tortorella, Giancarlo"]
[Result "0-1"]
[WhiteElo "1632"]
[BlackElo "1913"]
[PlyCount "44"]
[EventDate "2006.11.24"]
[EventType "swiss"]
[EventRounds "5"]
[EventCountry "ITA"]
[SourceTitle "EXT 2024"]
[Source "ChessBase"]
[SourceDate "2023.10.10"]
[SourceVersion "1"]
[SourceVersionDate "2023.10.10"]
[SourceQuality "1"]

1. e4 e5 2. Nc3 Nf6 3. f4 Nc6 4. Nf3 d6 5. Bc4 Be7 6. 0-0 0-0 7. fxe5 Nxe5 8. Nxe5 dxe5 9. h3 Qd4+ 10. Rf2 Qxc4 11. d3 Qd4 12. Qe2 Bc5 13. Nd1 Qd6 14. Be3 Bxe3 15. Nxe3 g6 16. Raf1 Nh5 17. Rf3 Nf4 18. Qe1 c6 19. Qh4 Bd7 20. Ng4 Bxg4 21. Qxg4 Qe6 22. Qh4 Qxa2 0-1